| 000 | 00541nam a22001937a 4500 | ||
|---|---|---|---|
| 003 | LK-CoMWRAF | ||
| 005 | 20240503102542.0 | ||
| 008 | 240503b |||||||| |||| 00| 0 eng d | ||
| 040 |
_aLK-CoMWRAF _dLK-CoMWRAF _eLK-CoMWRAF |
||
| 041 | _aeng | ||
| 082 |
_a158.1 _bGAF |
||
| 100 | _aGafoor, M.S. | ||
| 245 | _aThe secrets of self-improvement | ||
| 260 |
_aColombo: _aPadukka: _bState printing corporation, _c1992 |
||
| 300 | _a100 p. | ||
| 490 |
_aState printing corporation publication _v82 |
||
| 650 | _aPERSONAL IMPROVEMENT | ||
| 942 | _cBK | ||
| 999 |
_c4884 _d4884 |
||